DOCTRINA SOCIAL DE LA IGLESIA: DIMENSION HOSPITALARIA/

Guardado en:
Bibliografiske detaljer
Hovedforfatter: Díaz Camargo, Alvaro (autor)
Format: Bog
Serier:SELARE; 19
Fag:
Tags: Tilføj Tag
Ingen Tags, Vær først til at tagge denne postø!

MARC

LEADER 00000nam^a2200000^a^4500
001 000215443
005 20250521000000.0
009 20260310103625.355
035 |a 040195 
037 |a Acervo Xavier Clavigero 
082 |a 261. 1  |b DIA 
100 |a Díaz Camargo, Alvaro  |e (autor) 
245 1 0 |a DOCTRINA SOCIAL DE LA IGLESIA:  |b DIMENSION HOSPITALARIA/  |c ALVARO DIAZ CAMARGO 
264 |a BOGOTA :  |b SECRETARIADO LATINOAMERICANO PARALA RENOVACION,  |c 1987 
300 |a 212p. 
336 |a texto  |b txt  |2 rdacontenido 
337 |a sin mediación  |b n  |2 rdamedio 
338 |a volumen  |b nc  |2 rdasoporte 
440 |a SELARE;  |v 19 
649 |a XX 
650 |a Teología Social 
910 |a Fondo General 
920 |a Impresos - Libros 
930 |a Colección General 
905 |a 101 
901 |a 040195  |b IT1  |c ACC  |i 040195  |u 20250521 
902 |a https://opac.biblio.iteso.mx/vufind/Record/000215443